000 00290nam a22001337a 4500
008 170329b xxu||||| |||| 00| 0 eng d
020 _a0895774003
041 _aeng
080 _a796.3
100 _a8
101 _aSHM
245 _aBONES MUSCLES AND JOINS
_cCLAYMAN.CH
942 _2udc
_cBK
999 _c8904
_d8904